000 nam a22 7a 4500
999 _c7990
_d7990
008 171121b xxu||||| |||| 00| 0 eng d
100 _aDale.J.
_94444
245 _aPuppy patrol puppy school
260 _bMC publications
_c1998